000 01504nas a2200277 a 4500
005 20260417142233.0
006 s|||||o|||| 00| 0
008 991125c2001 sp tr poo 000 spa d
003
022 _a1578-2824
035 _aUPN01000211561
040 _aMX-MxUPN
_bspa
_cMX-MxUPN
_eaacr2
049 _aREV-E
245 0 0 _aRES :
_brevista española de sociología
_h[recurso electrónico en línea]
260 _aMadrid :
_bFederación Española de Sociología,
_c2001 -
310 _aCuatrimestral
506 0 _aAcceso abierto
510 0 _aFuente Académica, InDICEs-CSIC, International Bibliography of the Social Sciences, Latindex-Catálogo, Latindex-Directorio, MIAR .Scopus, Social Services Abstracts, Sociological Abstracts, Worldwide Political Science Abstracts
520 _a"Las áreas cubiertas por la RES incluyen todos los aspectos científicos de especial relevancia relacionados con el estudio sociológico de la situación actual y del cambio de las estructuras e instituciones sociales, así como de las prácticas, comportamientos y procesos que configuran la realidad social. La RES dedica una especial atención a los estudios comparativos sobre las problemáticas que afectan a las sociedades de España, Latinoamérica y los países del Sur de Europa."
_cRES
650 4 _aSociología
_95756
650 4 _aCiencias sociales
_99133
856 4 _uhttps://recyt.fecyt.es/index.php/res/index
902 _aLeonor Sotres/170426
905 _aRevista
942 _cREV-E
999 _c214980
_d214980